[Event "Tula Kotov Memorial"]
[Site "Tula"]
[Date "2008.01.08"]
[Round "7"]
[White "Domogaev, Sergey"]
[Black "Selin, Oleg"]
[Result "1/2-1/2"]
[WhiteElo "2367"]
[BlackElo "2389"]
[PlyCount "50"]
[EventDate "2008.01.02"]
[EventType "tourn"]
[EventRounds "9"]
[EventCountry "RUS"]
[EventCategory "9"]
[SourceTitle "CBM 122 Extra"]
[Source "ChessBase"]
[SourceDate "2008.03.04"]
[SourceVersion "1"]
[SourceVersionDate "2008.03.04"]
[SourceQuality "1"]

1. d4 d5 2. c4 c6 3. cxd5 cxd5 4. Nf3 Nf6 5. Nc3 Nc6 6. Bf4 Bf5 7. e3 e6 8. Bd3 Bxd3 9. Qxd3 Bd6 10. Bxd6 Qxd6 11. 0-0 0-0 12. a3 a6 13. Rac1 Rac8 14. Rc2 Rc7 15. Rfc1 Rfc8 16. h3 h6 17. Ne2 Ne7 18. Rxc7 Rxc7 19. Rxc7 Qxc7 20. Qc3 Qxc3 21. Nxc3 Nc6 22. Kf1 Kf8 23. Ke2 Ke7 24. Kd3 Kd6 25. Nd2 e5 1/2-1/2

[Event "Tula Kotov Memorial"]
[Site "Tula"]
[Date "2008.01.05"]
[Round "4"]
[White "Aveskulov, Valeriy"]
[Black "Selin, Oleg"]
[Result "1-0"]
[WhiteElo "2532"]
[BlackElo "2389"]
[PlyCount "151"]
[EventDate "2008.01.02"]
[EventType "tourn"]
[EventRounds "9"]
[EventCountry "RUS"]
[EventCategory "9"]
[SourceTitle "CBM 122 Extra"]
[Source "ChessBase"]
[SourceDate "2008.03.04"]
[SourceVersion "1"]
[SourceVersionDate "2008.03.04"]
[SourceQuality "1"]

1. e4 c5 2. Nf3 d6 3. d4 cxd4 4. Nxd4 Nf6 5. Nc3 Nc6 6. Be2 e6 7. 0-0 Be7 8. Be3 0-0 9. f4 Qc7 10. Kh1 a6 11. Qe1 Nxd4 12. Bxd4 b5 13. a3 Bb7 14. Qg3 Bc6 15. Rae1 Rae8 16. Bf3 Rc8 17. Re2 g6 18. Rfe1 Qb7 19. b4 Rfd8 20. Nd1 d5 21. e5 Ne4 22. Qh3 Be8 23. Ne3 Nc3 24. Rf2 Ne4 25. Rff1 Nd2 26. Ng4 Nxf3 27. Rxf3 h5 28. Ne3 Rc4 29. Nxc4 dxc4 30. Bc3 Bc6 31. Rf2 Rd5 32. Qe3 Bh4 33. Bd4 Bxf2 34. Qxf2 Rd7 35. c3 Be4 36. h3 Bd3 37. Kh2 Kg7 38. f5 Bxf5 39. Qh4 Qc7 40. Qf4 Qd8 41. Re3 Qe7 42. g4 Qh4 43. Qg3 Qxg3+ 44. Kxg3 hxg4 45. hxg4 Bd3 46. Kf4 Rd8 47. Rh3 g5+ 48. Kxg5 Rh8 49. Rf3 Rd8 50. Bc5 Rd5 51. Bd4 f5 52. gxf5 Bxf5 53. Rf2 Rd7 54. Rh2 Rd8 55. a4 Rg8 56. axb5 Kf7+ 57. Kf4 axb5 58. Ra2 Rb8 59. Ra7+ Kg6 60. Re7 Bh3 61. Ba7 Rf8+ 62. Kg3 Bf5 63. Bd4 Rf7 64. Re8 Be4 65. Rxe6+ Kg5 66. Be3+ Kf5 67. Rb6 Kxe5 68. Bf4+ Kf5 69. Rxb5+ Kg6 70. Rg5+ Kf6 71. Kg4 Bd3 72. Rc5 Be2+ 73. Kg3 Rd7 74. Kf2 Bd3 75. b5 Rb7 76. Bc7 1-0

[Event "Tula Kotov Memorial"]
[Site "Tula"]
[Date "2008.01.02"]
[Round "1"]
[White "Selin, Oleg"]
[Black "Vlassov, Nikolai"]
[Result "0-1"]
[WhiteElo "2389"]
[BlackElo "2471"]
[PlyCount "72"]
[EventDate "2008.01.02"]
[EventType "tourn"]
[EventRounds "9"]
[EventCountry "RUS"]
[EventCategory "9"]
[SourceTitle "CBM 122 Extra"]
[Source "ChessBase"]
[SourceDate "2008.03.04"]
[SourceVersion "1"]
[SourceVersionDate "2008.03.04"]
[SourceQuality "1"]

1. d4 Nf6 2. c4 Nc6 3. Nf3 e6 4. a3 d5 5. Nc3 dxc4 6. e4 Na5 7. Bxc4 Nxc4 8. Qa4+ Nd7 9. Qxc4 Bd6 10. Bg5 Nb6 11. Qb5+ Qd7 12. e5 Bf8 13. Qe2 h6 14. Bh4 Qc6 15. 0-0 Bd7 16. Rac1 Qc4 17. Qe3 Qb3 18. d5 Qxb2 19. dxe6 Bxe6 20. Rfd1 g5 21. Ne4 Bg7 22. Rxc7 0-0 23. Bxg5 hxg5 24. Qxg5 Nd5 25. Rc5 Rfd8 26. Rcxd5 Rxd5 27. Nf6+ Kf8 28. Nxd5 Bxd5 29. h4 Qb3 30. Rd4 Re8 31. Rg4 Qb1+ 32. Kh2 Qh7 33. e6 fxe6 34. Rf4+ Kg8 35. Ne5 Qh6 36. Qg4 Rf8 0-1

[Event "Tula-ch fin"]
[Site "Tula"]
[Date "2007.08.11"]
[Round "9"]
[White "Aleshin, Nikolay"]
[Black "Selin, Oleg"]
[Result "0-1"]
[WhiteElo "2254"]
[BlackElo "2400"]
[PlyCount "96"]
[EventDate "2007.08.03"]
[EventType "tourn"]
[EventRounds "9"]
[EventCountry "RUS"]
[EventCategory "6"]
[SourceTitle "CBM 119 Extra"]
[Source "ChessBase"]
[SourceDate "2007.09.04"]
[SourceVersion "1"]
[SourceVersionDate "2007.09.04"]
[SourceQuality "1"]

1. e4 c5 2. Nf3 Nc6 3. d4 cxd4 4. Nxd4 Nf6 5. Nc3 d6 6. Be2 e6 7. 0-0 Be7 8. Be3 0-0 9. Qd2 a6 10. a4 Qc7 11. Nb3 b6 12. f3 Bb7 13. Rfd1 Ne5 14. Bf1 d5 15. exd5 Nxd5 16. Nxd5 Bxd5 17. Qf2 Nd7 18. Nd4 Bf6 19. c4 Bb7 20. b4 e5 21. Nf5 e4 22. Ra2 exf3 23. gxf3 Ne5 24. Be2 Nxc4 25. Bd4 Bxd4 26. Rxd4 Ne5 27. Rad2 Ng6 28. Bf1 Qc6 29. Nd6 Rad8 30. Nxb7 Rxd4 31. Qxd4 Qxb7 32. Qd5 Qe7 33. Qe4 Qg5+ 34. Rg2 Qf6 35. b5 axb5 36. axb5 Rd8 37. Re2 h6 38. Re1 Nh4 39. f4 Rd4 40. Qa8+ Kh7 41. Re8 Qxf4 42. Rh8+ Kg6 43. Qc6+ Rd6 44. Bd3+ Kg5 45. Qe4 Rd4 46. Qe7+ Kg4 47. Qe2+ Nf3+ 48. Kh1 Rxd3 0-1

[Event "Tula Region-ch"]
[Site "Tula"]
[Date "2006.??.??"]
[Round "2"]
[White "Domogaev, Sergey"]
[Black "Selin, Oleg"]
[Result "0-1"]
[WhiteElo "2355"]
[BlackElo "2375"]
[PlyCount "56"]
[EventDate "2006.??.??"]
[EventType "tourn"]
[EventRounds "11"]
[EventCountry "RUS"]
[EventCategory "8"]
[SourceTitle "EXT 2008"]
[Source "ChessBase"]
[SourceDate "2007.11.25"]
[SourceVersion "1"]
[SourceVersionDate "2007.11.25"]
[SourceQuality "1"]

1. Nf3 Nf6 2. c4 g6 3. Nc3 Bg7 4. e4 d6 5. d4 0-0 6. Be2 e5 7. 0-0 Nc6 8. d5 Ne7 9. b4 Nh5 10. Re1 f5 11. c5 Nf4 12. Bxf4 exf4 13. e5 g5 14. Bc4 Ng6 15. Nb5 g4 16. Nxc7 gxf3 17. Nxa8 Nxe5 18. Rc1 Qg5 19. Bf1 fxg2 20. Be2 Rf6 21. Bf3 Rh6 22. cxd6 Bd7 23. Rxe5 Bxe5 24. Nc7 Bxd6 25. Qd3 Qh4 26. Kxg2 Qh3+ 27. Kg1 Rg6+ 28. Kh1 Rg2 0-1

[Event "Tula Region-ch"]
[Site "Tula"]
[Date "2006.??.??"]
[Round "7"]
[White "Selin, Oleg"]
[Black "Yagupov, Igor"]
[Result "1/2-1/2"]
[WhiteElo "2375"]
[BlackElo "2555"]
[PlyCount "93"]
[EventDate "2006.??.??"]
[EventType "tourn"]
[EventRounds "11"]
[EventCountry "RUS"]
[EventCategory "8"]
[SourceTitle "EXT 2008"]
[Source "ChessBase"]
[SourceDate "2007.11.25"]
[SourceVersion "1"]
[SourceVersionDate "2007.11.25"]
[SourceQuality "1"]

1. d4 d5 2. Nf3 Nf6 3. c4 c6 4. Nc3 e6 5. Bg5 h6 6. Bxf6 Qxf6 7. e3 Nd7 8. Bd3 dxc4 9. Bxc4 g6 10. 0-0 Qe7 11. a3 Bg7 12. b4 0-0 13. Qb3 b6 14. e4 Bb7 15. a4 a5 16. b5 c5 17. d5 Bxc3 18. Qxc3 exd5 19. exd5 Nf6 20. Rad1 Qd6 21. Ne5 Rae8 22. f4 Bc8 23. Rfe1 Re7 24. Nc6 Rxe1+ 25. Rxe1 Re8 26. Rxe8+ Nxe8 27. Qe5 Bd7 28. g3 f6 29. Qe4 Kf7 30. Nd8+ Kg7 31. Bd3 f5 32. Qe5+ Qf6 33. Nb7 g5 34. Kf2 gxf4 35. gxf4 Kf7 36. Kg3 Qg6+ 37. Kf2 Qf6 38. Kg3 Bc8 39. Qxf6+ Kxf6 40. Nd8 Nd6 41. Kf3 Bd7 42. Nc6 Be8 43. Ke3 Bh5 44. Ne5 Ke7 45. Bc2 Bf7 46. Bb3 Bh5 47. Bc2 1/2-1/2

[Event "Tula Region-ch"]
[Site "Tula"]
[Date "2005.08.13"]
[Round "9"]
[White "Selin, Oleg"]
[Black "Zaitsev, Alexander"]
[Result "1/2-1/2"]
[WhiteElo "2403"]
[BlackElo "2410"]
[PlyCount "56"]
[EventDate "2005.08.05"]
[EventType "swiss"]
[EventRounds "9"]
[EventCountry "RUS"]
[SourceTitle "EXT 2006"]
[Source "ChessBase"]
[SourceDate "2005.11.24"]
[SourceVersion "1"]
[SourceVersionDate "2005.11.24"]
[SourceQuality "1"]

1. d4 Nf6 2. c4 e6 3. Nf3 b6 4. g3 Ba6 5. b3 b5 6. cxb5 Bxb5 7. Bg2 Bc6 8. 0-0 a5 9. Nc3 Bb4 10. Bb2 0-0 11. Ne5 Bxg2 12. Kxg2 Qc8 13. Na4 Be7 14. Qd3 d6 15. Nc4 Nbd7 16. Rfc1 Qa6 17. Qf3 Rfc8 18. Ne3 d5 19. Rc2 Ne4 20. Rac1 c6 21. h4 Rc7 22. Nf1 Rac8 23. Nd2 f5 24. Qd3 Qa7 25. Nxe4 fxe4 26. Qd2 Qa6 27. f3 Rf8 28. Qe3 Nf6 1/2-1/2

[Event "Tula Region-ch"]
[Site "Tula"]
[Date "2005.08.08"]
[Round "4"]
[White "Kosov, Ivan"]
[Black "Selin, Oleg"]
[Result "1/2-1/2"]
[WhiteElo "2199"]
[BlackElo "2403"]
[PlyCount "59"]
[EventDate "2005.08.05"]
[EventType "swiss"]
[EventRounds "9"]
[EventCountry "RUS"]
[SourceTitle "EXT 2006"]
[Source "ChessBase"]
[SourceDate "2005.11.24"]
[SourceVersion "1"]
[SourceVersionDate "2005.11.24"]
[SourceQuality "1"]

1. e4 c5 2. Nf3 Nc6 3. d4 cxd4 4. Nxd4 Nf6 5. Nc3 d6 6. Be2 e6 7. Be3 Be7 8. 0-0 0-0 9. f4 Qc7 10. Kh1 a6 11. Qe1 Nxd4 12. Bxd4 b5 13. Qg3 Bb7 14. a3 Bc6 15. Rae1 Qb7 16. Bd3 b4 17. Nd1 bxa3 18. bxa3 g6 19. Nf2 Rae8 20. Qh3 Nd7 21. Ng4 h5 22. Nh6+ Kh7 23. Nxf7 Rxf7 24. f5 Ne5 25. fxg6+ Kxg6 26. Rxf7 Kxf7 27. Qxh5+ Kg7 28. Qg4+ Kf7 29. Qh5+ Kg7 30. Qg4+ 1/2-1/2

[Event "Alushta Autumn 1st"]
[Site "Alushta"]
[Date "2002.09.24"]
[Round "14"]
[White "Selin, Oleg"]
[Black "Kayumov, Dimitry"]
[Result "1/2-1/2"]
[WhiteElo "2432"]
[BlackElo "2460"]
[PlyCount "42"]
[EventDate "2002.09.15"]
[EventType "tourn"]
[EventRounds "15"]
[EventCountry "UKR"]
[EventCategory "9"]
[SourceTitle "CBM 092"]
[Source "ChessBase"]
[SourceDate "2003.02.06"]
[SourceVersion "1"]
[SourceVersionDate "2003.02.06"]
[SourceQuality "1"]

1. d4 Nf6 2. c4 e6 3. Nf3 b6 4. g3 Ba6 5. b3 Bb4+ 6. Bd2 Be7 7. Bg2 c6 8. Bc3 d5 9. Ne5 Nfd7 10. Nxd7 Nxd7 11. Nd2 0-0 12. 0-0 Nf6 13. e4 b5 14. Re1 dxe4 15. Nxe4 Nxe4 16. Bxe4 bxc4 17. Qe2 Rb8 18. bxc4 Bb4 19. Qd3 Bxc3 20. Qxc3 Qf6 21. Rac1 Bb7 1/2-1/2

[Event "Alushta Autumn 1st"]
[Site "Alushta"]
[Date "2002.09.23"]
[Round "13"]
[White "Selin, Oleg"]
[Black "Yagupov, Igor"]
[Result "0-1"]
[WhiteElo "2432"]
[BlackElo "2460"]
[PlyCount "82"]
[EventDate "2002.09.15"]
[EventType "tourn"]
[EventRounds "15"]
[EventCountry "UKR"]
[EventCategory "9"]
[SourceTitle "CBM 092"]
[Source "ChessBase"]
[SourceDate "2003.02.06"]
[SourceVersion "1"]
[SourceVersionDate "2003.02.06"]
[SourceQuality "1"]

1. d4 d5 2. c4 c6 3. Nf3 Nf6 4. Nc3 e6 5. Bg5 h6 6. Bxf6 Qxf6 7. e3 Nd7 8. Bd3 dxc4 9. Bxc4 g6 10. 0-0 Bg7 11. Rc1 Qe7 12. e4 0-0 13. Qe2 b5 14. Bb3 Bb7 15. e5 c5 16. Ne4 cxd4 17. Rc7 Bxe4 18. Qxe4 Rfc8 19. Nxd4 Nc5 20. Rxe7 Nxe4 21. Nxb5 Bxe5 22. Rxa7 Rab8 23. Nc3 Nd2 24. Re1 Bd4 25. Rd7 Nxb3 26. axb3 Bxc3 27. bxc3 Rxc3 28. h4 Rbxb3 29. Re4 Rc5 30. Rf4 Rf5 31. Rxf5 gxf5 32. g3 f4 33. Kg2 f3+ 34. Kg1 Rb1+ 35. Kh2 Rf1 36. Rd2 h5 37. g4 hxg4 38. Kg3 Rg1+ 39. Kf4 Rg2 40. Ra2 Kg7 41. Ra5 f5 0-1

[Event "Tula Suetin Memorial op"]
[Site "Tula"]
[Date "2002.03.30"]
[Round "8"]
[White "Averjanov, Alexey"]
[Black "Selin, Oleg"]
[Result "1-0"]
[WhiteElo "2376"]
[BlackElo "2440"]
[PlyCount "52"]
[EventDate "2002.03.23"]
[EventType "swiss"]
[EventRounds "9"]
[EventCountry "RUS"]
[SourceTitle "CBM 087 Extra"]
[Source "ChessBase"]
[SourceDate "2002.05.03"]
[SourceVersion "2"]
[SourceVersionDate "2002.08.09"]
[SourceQuality "1"]

1. e4 c5 2. Nf3 Nc6 3. d4 cxd4 4. Nxd4 Nf6 5. Nc3 d6 6. Bg5 e6 7. Qd2 a6 8. 0-0-0 Bd7 9. f3 Be7 10. h4 Qa5 11. g4 b5 12. Nxc6 Bxc6 13. Kb1 b4 14. Ne2 0-0 15. Nd4 Ba4 16. Be3 Rfc8 17. g5 Nd7 18. h5 Ne5 19. g6 Nxf3 20. Qf2 Ne5 21. gxf7+ Nxf7 22. Bh6 Bd7 23. Nxe6 Bf6 24. Rg1 Kh8 25. Nxg7 b3 26. axb3 Rxc2 1-0

[Event "Tula Suetin Memorial op"]
[Site "Tula"]
[Date "2002.03.25"]
[Round "3"]
[White "Selin, Oleg"]
[Black "Pechenov, Viacheslav"]
[Result "0-1"]
[WhiteElo "2440"]
[BlackElo "2279"]
[PlyCount "36"]
[EventDate "2002.03.23"]
[EventType "swiss"]
[EventRounds "9"]
[EventCountry "RUS"]
[SourceTitle "CBM 087 Extra"]
[Source "ChessBase"]
[SourceDate "2002.05.03"]
[SourceVersion "2"]
[SourceVersionDate "2002.08.09"]
[SourceQuality "1"]

1. d4 d5 2. c4 Nf6 3. Nf3 Bf5 4. Qb3 dxc4 5. Qxb7 Nbd7 6. Nc3 e6 7. Qc6 Rb8 8. Qxc4 Rb4 9. Qc6 Be7 10. a3 Rb6 11. Qa4 Qb8 12. b4 0-0 13. e4 Bg4 14. e5 Nd5 15. Nxd5 exd5 16. h3 Bf5 17. Bb5 Rxb5 18. 0-0 c6 0-1

[Event "Tula-ch Region"]
[Site "Tula"]
[Date "2002.??.??"]
[Round "5"]
[White "Brikov, Illarion"]
[Black "Selin, Oleg"]
[Result "0-1"]
[WhiteElo "2330"]
[BlackElo "2440"]
[PlyCount "74"]
[EventDate "2002.??.??"]
[EventType "swiss"]
[EventRounds "9"]
[EventCountry "RUS"]
[SourceTitle "EXT 2003"]
[Source "ChessBase"]
[SourceDate "2002.11.25"]
[SourceVersion "1"]
[SourceVersionDate "2002.11.25"]
[SourceQuality "1"]

1. e4 c5 2. Nf3 Nc6 3. d4 cxd4 4. Nxd4 Qb6 5. Nb3 Nf6 6. Nc3 e6 7. a3 a6 8. Be3 Qc7 9. f4 d6 10. Be2 Be7 11. Bf3 b5 12. 0-0 Bb7 13. Qe2 0-0 14. Kh1 Rfe8 15. Qf2 Rac8 16. Rad1 Qb8 17. g4 b4 18. axb4 Nxb4 19. g5 Nd7 20. Bg2 Bf8 21. Rd2 g6 22. Qh4 d5 23. Rf3 Bg7 24. Rh3 Nf8 25. f5 exf5 26. exf5 d4 27. Nxd4 Be5 28. Ne4 Nd5 29. Nf6+ Bxf6 30. gxf6 Nxe3 31. Kg1 Nxg2 32. Rxg2 Qe5 33. Re2 Qd5 34. Rg3 Rxe2 35. Nxe2 Rxc2 36. Kf2 Qxf5+ 37. Ke1 Rxb2 0-1

[Event "Tula-ch Region"]
[Site "Tula"]
[Date "2002.??.??"]
[Round "3"]
[White "Kainov, Aleksey"]
[Black "Selin, Oleg"]
[Result "0-1"]
[WhiteElo "2208"]
[BlackElo "2440"]
[PlyCount "82"]
[EventDate "2002.??.??"]
[EventType "swiss"]
[EventRounds "9"]
[EventCountry "RUS"]
[SourceTitle "EXT 2003"]
[Source "ChessBase"]
[SourceDate "2002.11.25"]
[SourceVersion "1"]
[SourceVersionDate "2002.11.25"]
[SourceQuality "1"]

1. d4 Nf6 2. c4 g6 3. Nc3 Bg7 4. e4 d6 5. Nf3 0-0 6. Be2 e5 7. Be3 h6 8. h3 Nc6 9. Qd2 exd4 10. Nxd4 Nxd4 11. Bxd4 Re8 12. Bxf6 Bxf6 13. f3 Bh4+ 14. Kd1 c6 15. Kc2 Qf6 16. f4 a6 17. a4 Be6 18. a5 Rad8 19. g4 d5 20. cxd5 cxd5 21. e5 Qe7 22. Qd4 f6 23. Bd3 Bf7 24. e6 Qxe6 25. f5 Qe5 26. Qxe5 Rxe5 27. fxg6 Be8 28. Bf5 Kg7 29. Rhd1 Bxg6 30. Bxg6 Kxg6 31. Ra4 Bf2 32. Rd2 Be3 33. Rd3 Rd7 34. Kd1 h5 35. Re4 d4 36. Rxe5 fxe5 37. gxh5+ Kf5 38. h6 e4 39. Rxe3 dxe3+ 40. Ke2 Rh7 41. Kxe3 Rxh6 0-1

[Event "Tula-ch Region"]
[Site "Tula"]
[Date "2002.??.??"]
[Round "1"]
[White "Karlov, Dmitriy"]
[Black "Selin, Oleg"]
[Result "0-1"]
[WhiteElo "2013"]
[BlackElo "2440"]
[PlyCount "85"]
[EventDate "2002.??.??"]
[EventType "swiss"]
[EventRounds "9"]
[EventCountry "RUS"]
[SourceTitle "EXT 2003"]
[Source "ChessBase"]
[SourceDate "2002.11.25"]
[SourceVersion "1"]
[SourceVersionDate "2002.11.25"]
[SourceQuality "1"]

1. d4 Nf6 2. Nf3 g6 3. g3 Bg7 4. Bg2 0-0 5. 0-0 d6 6. b3 c5 7. Bb2 Nc6 8. c4 cxd4 9. Nxd4 Bd7 10. e3 a6 11. Nc3 Rc8 12. Qd2 Qa5 13. Rfd1 Qh5 14. Ne4 Ng4 15. h3 Nge5 16. Qe2 Qxe2 17. Nxe2 Nf3+ 18. Bxf3 Bxb2 19. Rab1 Bg7 20. Bg2 b6 21. Rd2 Rfd8 22. Rbd1 Be8 23. N4c3 Rb8 24. Nd5 Rdc8 25. Rc1 Kf8 26. f4 Bd7 27. Kf2 Ke8 28. g4 b5 29. cxb5 axb5 30. a3 e6 31. Ndc3 d5 32. b4 f5 33. g5 Nd8 34. Bf1 Nf7 35. Nd4 Nd6 36. Bd3 Ke7 37. Kf3 Rc7 38. Rdc2 Nc4 39. Bxc4 dxc4 40. Rd1 Ra7 41. Nb1 e5 42. Ne2 Bc6+ 43. Kf2 0-1

[Event "Tula-ch Region"]
[Site "Tula"]
[Date "2002.??.??"]
[Round "9"]
[White "Ponomarenko, Viktor"]
[Black "Selin, Oleg"]
[Result "1-0"]
[WhiteElo "2254"]
[BlackElo "2440"]
[PlyCount "69"]
[EventDate "2002.??.??"]
[EventType "swiss"]
[EventRounds "9"]
[EventCountry "RUS"]
[SourceTitle "EXT 2003"]
[Source "ChessBase"]
[SourceDate "2002.11.25"]
[SourceVersion "1"]
[SourceVersionDate "2002.11.25"]
[SourceQuality "1"]

1. d4 Nf6 2. c4 e6 3. g3 Bb4+ 4. Bd2 c5 5. Bxb4 cxb4 6. Bg2 0-0 7. e4 d6 8. Ne2 e5 9. 0-0 Re8 10. Re1 a5 11. a3 Na6 12. axb4 axb4 13. Nd2 Qb6 14. c5 dxc5 15. Nc4 Qe6 16. d5 Qe7 17. f4 exf4 18. Nxf4 Qd8 19. e5 Nd7 20. Qh5 g6 21. Qh6 Qe7 22. e6 fxe6 23. Rxe6 Qf8 24. Rxe8 Qxe8 25. Ne6 Qe7 26. Rf1 Nf6 27. Qh4 Bxe6 28. Rxf6 Bf7 29. Rxg6+ Kf8 30. Qh6+ Ke8 31. Nd6+ Kd7 32. Bh3+ Kc7 33. Nb5+ Kb8 34. Rg7 Nc7 35. Qf4 1-0

[Event "Tula-ch Region"]
[Site "Tula"]
[Date "2002.??.??"]
[Round "4"]
[White "Selin, Oleg"]
[Black "Tishin, Petr"]
[Result "1/2-1/2"]
[WhiteElo "2440"]
[BlackElo "2442"]
[PlyCount "55"]
[EventDate "2002.??.??"]
[EventType "swiss"]
[EventRounds "9"]
[EventCountry "RUS"]
[SourceTitle "EXT 2003"]
[Source "ChessBase"]
[SourceDate "2002.11.25"]
[SourceVersion "1"]
[SourceVersionDate "2002.11.25"]
[SourceQuality "1"]

1. d4 d5 2. c4 Nc6 3. cxd5 Qxd5 4. e3 e5 5. Nc3 Bb4 6. Bd2 Bxc3 7. bxc3 Nf6 8. Qb3 Qd6 9. Bc1 Be6 10. Ba3 Bxb3 11. Bxd6 cxd6 12. axb3 exd4 13. exd4 Ne4 14. Rc1 d5 15. Bd3 Nd6 16. Ne2 0-0 17. 0-0 b5 18. Nf4 b4 19. Nxd5 bxc3 20. Rxc3 Nxd4 21. Rd1 Kh8 22. Bf1 Ne6 23. Nc7 Nxc7 24. Rxc7 Rfd8 25. g3 g6 26. Rd3 f5 27. Bg2 Nb5 28. Rcd7 1/2-1/2

[Event "Tula-ch Region"]
[Site "Tula"]
[Date "2002.??.??"]
[Round "7"]
[White "Zaitsev, Alexander"]
[Black "Selin, Oleg"]
[Result "0-1"]
[WhiteElo "2315"]
[BlackElo "2440"]
[PlyCount "127"]
[EventDate "2002.??.??"]
[EventType "swiss"]
[EventRounds "9"]
[EventCountry "RUS"]
[SourceTitle "EXT 2003"]
[Source "ChessBase"]
[SourceDate "2002.11.25"]
[SourceVersion "1"]
[SourceVersionDate "2002.11.25"]
[SourceQuality "1"]

1. d4 Nf6 2. c4 g6 3. Nc3 Bg7 4. e4 d6 5. Nf3 0-0 6. Be2 e5 7. 0-0 Nc6 8. d5 Ne7 9. Ne1 Ne8 10. Nd3 f5 11. f3 f4 12. Bd2 h5 13. c5 g5 14. Rc1 Ng6 15. cxd6 cxd6 16. Nf2 Rf7 17. a4 Bf8 18. Nb5 Rg7 19. h3 a6 20. Na3 Nf6 21. Nc4 g4 22. fxg4 hxg4 23. hxg4 Nd7 24. a5 Rh7 25. Rc3 Be7 26. Rh3 Rxh3 27. Nxh3 Kg7 28. Qb3 Nf6 29. Nf2 Rb8 30. Rc1 Bd7 31. Nb6 Be8 32. Rc3 Nd7 33. Nxd7 Bxd7 34. Rc1 Bh4 35. Nh3 Be7 36. Be1 Rc8 37. Rc2 Rc7 38. Rxc7 Qxc7 39. Qc3 Qxc3 40. Bxc3 Kf7 41. Nf2 Bh4 42. Nh3 Be7 43. Bb4 Nf8 44. Kh2 Nh7 45. g3 Nf6 46. Nf2 Kg6 47. Bd2 fxg3+ 48. Kxg3 Ne8 49. Nd1 Bd8 50. Bc3 Bg5 51. Bb4 Nf6 52. Bf3 Ne8 53. b3 Bf4+ 54. Kh4 Bg5+ 55. Kh3 Bf4 56. Nb2 Bb5 57. Nc4 Bxc4 58. bxc4 Be3 59. Bd1 Bc5 60. Bd2 Nf6 61. Bc2 Nh7 62. Kg3 Ng5 63. Be1 Nf7 64. Bf2 0-1

[Event "Donskoj"]
[Site "Donskoj"]
[Date "2001.??.??"]
[Round "11"]
[White "Selin, Oleg"]
[Black "Maly, Alexey"]
[Result "1/2-1/2"]
[WhiteElo "2316"]
[BlackElo "2366"]
[PlyCount "38"]
[EventDate "2001.??.??"]
[EventType "tourn"]
[EventRounds "11"]
[EventCountry "RUS"]
[EventCategory "4"]
[SourceTitle "EXT 2002"]
[Source "ChessBase"]
[SourceDate "2001.11.25"]
[SourceVersion "1"]
[SourceVersionDate "2001.11.25"]
[SourceQuality "1"]

1. d4 d5 2. Nf3 Nf6 3. c4 dxc4 4. e3 e6 5. Bxc4 c5 6. 0-0 a6 7. Bd3 Nc6 8. Nc3 cxd4 9. exd4 Be7 10. Bg5 0-0 11. Rc1 Nb4 12. Bb1 b5 13. a3 Nbd5 14. Nxd5 Nxd5 15. Qd3 g6 16. Bh6 Re8 17. Ne5 Bb7 18. Qf3 Bf6 19. Be4 Qe7 1/2-1/2